| Tag |
First Indicator |
Second Indicator |
Subfields |
| LEADER |
00000cam a2200000 a 4500 |
| 001 |
in00001501621 |
| 005 |
20151021090226.0 |
| 008 |
990816s1999 dcu f f000 0 eng d |
| 035 |
|
|
|a (OCoLC)42084104
|
| 035 |
|
|
|9 AJJ9983AM
|
| 040 |
|
|
|a GPO
|c GPO
|d DLC
|d MvI
|d UtOrBLW
|
| 043 |
|
|
|a n-us---
|
| 049 |
|
|
|a UDOC
|
| 074 |
|
|
|a 0254-A
|
| 086 |
0 |
|
|a C 21.14/2:C 99
|
| 110 |
1 |
|
|a United States.
|b Patent and Trademark Office.
|
| 245 |
1 |
0 |
|a Life Cycle Management for Automated Information Systems, LCM-AIS.
|
| 264 |
|
1 |
|a Washington, D.C. :
|b U.S. Patent and Trademark Office,
|c [1999]
|
| 300 |
|
|
|a 1 volume (various pagings) ;
|c 28 cm.
|
| 336 |
|
|
|a text
|b txt
|2 rdacontent
|
| 337 |
|
|
|a unmediated
|b n
|2 rdamedia
|
| 338 |
|
|
|a volume
|b nc
|2 rdacarrier
|
| 500 |
|
|
|a Cover title.
|
| 500 |
|
|
|a Shipping list number: 99-0322-P.
|
| 500 |
|
|
|a "December 1997."
|
| 610 |
1 |
0 |
|a United States.
|b Patent and Trademark Office
|x Data processing
|x Management
|v Handbooks, manuals, etc.
|
| 650 |
|
0 |
|a Information storage and retrieval systems
|v Handbooks, manuals, etc.
|
| 999 |
|
|
|a MARS
|
| 999 |
f |
f |
|s 48ae1c7e-644b-3d2b-802d-a1a9a226b334
|i 0892c5c5-bff0-354a-afdc-5164b5e212ee
|t 0
|
| 952 |
f |
f |
|p normal
|a Texas A&M University
|b College Station
|c Sterling C. Evans Library
|d Evans: US Documents (Annex 5th floor)
|t 0
|e C 21.14/2:C 99
|h Superintendent of Documents classification
|i unmediated -- volume
|m A14824320958
|
| 998 |
f |
f |
|a C 21.14/2:C 99
|t 0
|l Evans: US Documents (Annex 5th floor)
|